000 00749nam a22002177i 4500
001 IT\ICCU\RAV\0685061
003 ItRI
005 20260218214104.0
008 000817s2000 it |||||| ||||| |||||c
020 _a8845701581
040 _bita
_cGP
041 7 _aita
_2ISO-639-2
100 1 _aConsoli, Massimo
_0IT\ICCU\CFIV\018183
_4aut
245 1 0 _aIndependence gay :
_balle origini del Gay pride /
_cMassimo Consoli ; in appendice Arcilesbica perché di Maria Cristina Gramolini.
260 _aBolsena :
_bMassari,
_c2000
300 _a127 p. ;
_c17 cm.
700 1 _aGramolini, Maria Cristina
_0IT\ICCU\RAVV\228575
830 0 _aControcorrente ;
_v36
_0IT\ICCU\CFI\0171272
830 0 _aStoria e memoria ;
_v13
_0IT\ICCU\FER\0165242
942 _2ddc
_cBK
999 _c632
_d632